000 00344nam a2200121Ia 4500
008 191201s2008 xx 000 0 und d
100 _aBAYROSS, Ivan
245 0 _aCommercial Application Development Using Oracle Developer 2000 Forms 5.0
260 _aN.Delhi
_bBPB Publication
_c2008
300 _a482
650 _aB.Tech(CSE)
942 _2ddc
_cBK
999 _c3473
_d3473